| 000 | 00563nam a2200145 a 4500 | ||
|---|---|---|---|
| 008 | 120416s1964 ||||||||||||||||| || u | ||
| 050 | _aDT 8789 Vic | ||
| 245 | 1 | 4 |
_aThe Victoria falls _cedited by Brian M. Fagan |
| 246 | _aa handbook to Victoria falls, the Batoka gorge and part of the upper Zambezi river | ||
| 250 | _a2nd. ed. | ||
| 260 |
_aLivingstone _bC.P.N.H.M.R _c1964 |
||
| 300 | _a184p. : ill. | ||
| 350 | _a0.00 | ||
| 995 |
_D0.00 _FCBU-MAIN LIBRARY (Kitwe) _H1 _I8.50 _M1 _UAVAILABLE _ZZambiana Collection |
||
| 999 |
_c61295 _d61295 |
||